Представление документа в формате RUSMARC

ПолеНазваниеЗначение
  Тип записи a
  Библиографический уровень m
001 Контрольный номер UONB/MAIN/6735716ab3cf4a6ba19ba73b1bfbde2f
005 Дата корректировки 20260428162323.4
010 Индекс ISBN __
d Цена 90 к.
9 Тираж 1000 экз.
100 Данные общей обработки __
a Данные общей обработки 20260428 1974 u y0rusy0189 ca
101 Язык документа 0_
a Язык текста rus
102 Страна публикации __
a Страна публикации RU
105 Кодированные данные (монография) __
a Кодированные данные (монография) a z 001yy
200 Заглавие и сведения об ответственности 1_
a Заглавие Ч. 1 С древнейших времен и до конца XVIII в.
210 Выходные данные 1_
d Дата издания 1974
215 Физическое описание __
a Объем 152 с.
c Иллюстрации/тип воспроизводства ил., табл.
320 Библиография __
a Библиография Библиогр.: с. 148-149
461 Уровень набора _0
1 700 1
a Шухардин
b С. В.
g Семен Викторович
1 2001
a История науки и техники
e учебное пособие
f С. В. Шухардин
g под редакцией А. А. Кузина
v Ч. 1 С древнейших времен и до конца XVIII в.
1 2101
a Москва
c [б. и.]
d 1974-
1 001UONB/MAIN/ae0ec6371027439c9cac8bb99ced2a89
1 215
d 20 см
606 Тематические рубрики 0_
a Основная рубрика Наука
x Основная подрубрика История
606 Тематические рубрики 0_
a Основная рубрика Техника
x Основная подрубрика История
610 Ключевые слова 0_
a Ключевые слова история науки; история техники
675 Индекс УДК __
a Индекс УДК 001.2
801 Источник записи _0
a Страна RU
b Организация Ульяновская ОНБ
c Дата составления 20260428
g Правила каталогизации RCR
801 Источник записи _1
a Страна RU
b Организация Ульяновская ОНБ
c Дата составления 20260428
g Правила каталогизации RCR
901 Тип документа __
t Тип документа n
w Контрольный № источника UONB/MAIN/ae0ec6371027439c9cac8bb99ced2a89
909 Создатель записи __
a Создатель записи Оргеткина